90 secs Countries of the World: by Country Transits Distance = 3 - Statistics

General Stats
  • This quiz has been taken 496 times
  • The average score is 133 of 155
Answer Stats
COUNTRY % Correct
Belarus
100%
Belgium
100%
Czech Republic
100%
Germany
100%
Lithuania
100%
Luxembourg
100%
Netherlands
100%
Poland
100%
Ukraine
100%
Armenia
99%
Austria
99%
Azerbaijan
99%
Cambodia
99%
Croatia
99%
Denmark
99%
Estonia
99%
Finland
99%
Georgia
99%
Iraq
99%
Latvia
99%
Moldova
99%
Morocco
99%
Norway
99%
Romania
99%
Serbia
99%
Slovenia
99%
Switzerland
99%
Turkey
99%
Turkmenistan
99%
Bulgaria
98%
Greece
98%
Hungary
98%
Mongolia
98%
Uzbekistan
98%
Bangladesh
97%
France
97%
Mauritania
97%
North Korea
97%
Portugal
97%
San Marino
97%
Slovakia
97%
Sri Lanka
97%
Sweden
97%
Syria
97%
United Kingdom
97%
Vatican City
97%
Iran
96%
Kazakhstan
96%
Liechtenstein
96%
South Korea
96%
China
95%
Egypt
95%
Guyana
95%
Israel
95%
Russia
95%
Spain
95%
Thailand
95%
Algeria
94%
Argentina
94%
Italy
94%
Malaysia
94%
Monaco
94%
Paraguay
94%
Tajikistan
94%
Uruguay
94%
Venezuela
94%
Afghanistan
93%
Bolivia
93%
India
93%
Libya
93%
Peru
93%
Andorra
92%
Pakistan
92%
Burma
91%
Colombia
91%
Laos
91%
Suriname
91%
Bhutan
90%
Kyrgyzstan
90%
Nepal
90%
Somalia
90%
Panama
89%
Djibouti
88%
Ethiopia
88%
Kenya
88%
Lebanon
88%
Benin
87%
Brazil
87%
Costa Rica
87%
Honduras
87%
Niger
87%
Nigeria
87%
Republic of the Congo
87%
Uganda
87%
Vietnam
87%
Burundi
86%
Cameroon
86%
Equatorial Guinea
86%
Eritrea
86%
Rwanda
86%
Democratic Republic of the Congo
85%
Saudi Arabia
85%
Bosnia and Herzegovina
84%
Chad
84%
Chile
84%
Ecuador
84%
Mali
83%
El Salvador
82%
Ireland
82%
Jordan
82%
Senegal
82%
Tunisia
82%
Macedonia
81%
South Sudan
81%
Burkina Faso
80%
Central African Republic
79%
Swaziland
79%
Angola
78%
Gabon
77%
Montenegro
77%
Albania
76%
Kuwait
76%
Sudan
76%
Ghana
74%
Guinea
74%
Nicaragua
74%
South Africa
74%
Togo
74%
Botswana
73%
Guinea-Bissau
73%
Oman
73%
Qatar
73%
United Arab Emirates
73%
Yemen
73%
Zimbabwe
73%
Malawi
72%
Zambia
72%
Cote d'Ivoire
71%
Mozambique
71%
Sierra Leone
70%
Gambia
69%
Liberia
69%
Tanzania
68%
Kosovo
66%
Guatemala
63%
Belize
62%
Namibia
55%
Lesotho
53%
Canada
37%
East Timor
37%
Papua New Guinea
37%
Brunei
31%
United States
28%
Indonesia
26%
Mexico
21%
No matching quizzes found
Score Distribution
Percent of People with Each Score
Percentile by Number Answered
Your Score History
You have not taken this quiz